00479nam a2200145Ia 4500008004100000024001500041082001700056100001500073245003600088260002500124600002100149650003800170952010800208999001700316250506s9999 xx 000 0 und d a12B-130-BS a659.1072 HAS aHasan Amir 0aAdvertisement Management System aKarachi:bUIT,c2012 aComputer Science aBachelor of Computer Science (BS) 001040708PR-CSaUITUbUITUd2022-07-26l0o659.1072 HASpBS-396r2025-05-06 11:34:06w2025-05-06yPR c27615d27615